000 00213nam a22000857a 4500
008 160625b xxu||||| |||| 00| 0 eng d
100 _91121
_aUchida, Y
245 _aThe Full Circle
260 _aN.Y
_b Friendship Press
_c1957
999 _c905
_d905